000 05940cam a22008414i 4500
003 PE-LiUPU
005 20250731173510.0
008 150616s1985 xxua r 000 0 eng d
020 _a0828001197
035 _a(Sirsi) i9780828001199
040 _aPE-LiUPU
_bspa
_cPE-LiUPU
_erda
049 _aPRUA
050 _aBX6193.W5
_bW44
082 0 4 _a286.7325
_bW551
_221
082 0 4 _a286.7325
_bW55
_221
100 1 _aWhite, Arthur L.,
_d1907,
_eautor.
245 1 0 _aEllen G. White :
_bthe Early Years (1827-1862) /
_cArthur L. White.
264 1 _aWashington, DC. :
_bReview and Herald Publishing Association,
_c1981.
300 _a504 páginas :
_bilustraciones ;
_c22 centímetros
336 _atext
_2rdacontent
337 _aunmediated
_2rdamedia
338 _avolume
_2rdacarrier
504 _aIncluye bibliografía.
505 0 _aThe messenger of the Lord in our midst -- Abrupt changes in Ellen's life -- Make it known to others -- Entering married life -- Laying the foundations -- Beginning to publish -- The summer the tide turned -- The message pushes to the west -- Nurturing the developing church -- Through hours of darkness -- A year of many visions -- The opening of the year of little joy -- The clouds of war. White, Ellen.
526 _aSEG42
526 _aSEG41
526 _aSEG40
526 _aSEG39
526 _aP94
526 _aP87
526 _aP86
526 _aP85
526 _aP77
526 _aP76
526 _aP35
600 1 _aWhite, Elena G. de,
_d1827-1915
_y1827-1862
910 _ajck
_bjvq
_cjck
910 _tqv
_d20171130
942 _2ddc
_cBOOK
949 _a286.73 W62 6
_wDEWEY
_c7
_i64270
_f2017-2-15
_g1
_lCCODEBUL1
_mBUL
_r0
_sY
_tBOOK
_u2015-6-16
_xTEOLOGIA
_PP35
_0COMPRA
_o.STAFF. Colección General
949 _a286.7325 W55 6
_wDEWEY
_c1
_i23492
_f2017-2-15
_g1
_lCCODEBUL1
_mBUL
_r0
_sY
_tBOOK
_u2015-6-16
_xTEOLOGIA
_zUNKNOWN
_0COMPRA
_o.STAFF. Colección General
949 _a286.7325 W55 6
_wDEWEY
_c2
_i32612
_f2017-2-15
_g1
_lCCODEBUL1
_mBUL
_r0
_sY
_tBOOK
_u2015-6-16
_xTEOLOGIA
_zUNKNOWN
_0COMPRA
_o.STAFF. Colección General
949 _a286.7325 W55 6
_wDEWEY
_c3
_i40764
_f2017-2-15
_g1
_lCCODEBUL1
_mBUL
_r0
_sY
_tBOOK
_u2015-4-23
_xTEOLOGIA
_zUNKNOWN
_0COMPRA
_o.STAFF. Colección General
949 _a286.7325 W55 6
_wDEWEY
_c5
_i22065
_f2017-2-15
_g1
_lCCODEBUL1
_mBUL
_r0
_sY
_tBOOK
_u2015-6-16
_xTEOLOGIA
_zUNKNOWN
_0COMPRA
_o.STAFF. Colección General
949 _a286.7325 W55 6
_wDEWEY
_c6
_i23247
_f2017-2-15
_g1
_lCCODEBUL1
_mBUL
_r0
_sY
_tBOOK
_u2015-6-16
_xTEOLOGIA
_zUNKNOWN
_0COMPRA
_o.STAFF. Colección General
949 _aW201 .W54
_wDEWEY
_c1
_iCW00095
_lCIA
_mBWL
_r0
_sY
_tBOOK
_u2017-1-30
_xWHITE
_zUNKNOWN
_0COMPRA
_o.STAFF. Centro White
949 _aBX6193.W5 W44 V6
_wDEWEY
_c2
_i22066
_lCIA
_mBWL
_r0
_sY
_tBOOK
_u2017-1-30
_xWHITE
_zUNKNOWN
_0COMPRA
_o.STAFF. Centro White
949 _aW201 .W54
_wDEWEY
_c3
_iCW00096
_lCIA
_mBWL
_r0
_sY
_tBOOK
_u2017-1-30
_xWHITE
_zUNKNOWN
_0COMPRA
_o.STAFF. Centro White
949 _aW201 .W54
_wDEWEY
_c4
_i58437
_lCIA
_mBWL
_r0
_sY
_tBOOK
_u2017-2-1
_xWHITE
_zUNKNOWN
_0COMPRA
_o.STAFF. Centro White
949 _a286.73 W54 T1 1985
_wDEWEY
_c1
_iFJ09324
_lCCODEBUJ1
_mBUJ
_p40.00
_r0
_sY
_tBOOK
_u2017-11-30
_xBIBLIOTECA
_zUNKOWN
_0COMPRA
_o.STAFF. Colección General Juliaca
949 _a286.73 W54 T1 1985
_wDEWEY
_c1
_iFJ09668
_lCCODEBUJ1
_mBUJ
_p40.00
_r0
_sY
_tBOOK
_u2017-12-18
_xBIBLIOTECA
_zUNKOWN
_0COMPRA
_o.STAFF. Colección General Juliaca
994 _aC0
_bPEPRU
596 _a1 3 4
999 _a286.7325 W55 V6
_wDEWEY
_c58552
_i23492
_f2021-11-11
_g5
_lCCODEBUL1
_mBUL
_r0
_sY
_tBOOK
_u2015-6-16
_xTEOLOGIA
_zUNKNOWN
_0COMPRA
_o.STAFF. Colección General
_d58552
999 _a286.7325 W55 V6
_wDEWEY
_c2
_i32612
_f2021-11-11
_g5
_lCCODEBUL1
_mBUL
_r0
_sY
_tBOOK
_u2015-6-16
_xTEOLOGIA
_zUNKNOWN
_0COMPRA
_o.STAFF. Colección General
999 _a286.7325 W55 V6
_wDEWEY
_c3
_i40764
_f2021-11-11
_g5
_lCCODEBUL1
_mBUL
_r0
_sY
_tBOOK
_u2015-4-23
_xTEOLOGIA
_zUNKNOWN
_0COMPRA
_o.STAFF. Colección General
999 _a286.7325 W55 V6
_wDEWEY
_c5
_i22065
_d2018-8-27
_e2018-8-27
_f2021-11-11
_g5
_lCCODEBUL1
_mBUL
_n1
_q1
_r0
_sY
_tBOOK
_u2015-6-16
_xTEOLOGIA
_zUNKNOWN
_0COMPRA
_o.STAFF. Colección General
999 _a286.7325 W55 V6
_wDEWEY
_c6
_i23247
_f2021-11-11
_g5
_lCCODEBUL1
_mBUL
_r0
_sY
_tBOOK
_u2015-6-16
_xTEOLOGIA
_zUNKNOWN
_0COMPRA
_o.STAFF. Colección General
999 _a286.73 W62 6
_wDEWEY
_c7
_i64270
_f2021-11-11
_g5
_lCCODEBUL1
_mBUL
_r0
_sY
_tBOOK
_u2015-6-16
_xTEOLOGIA
_PP35
_0COMPRA
_o.STAFF. Colección General
999 _a286.7325 W55 V6
_wDEWEY
_c2
_iCW22066
_f2021-12-23
_g3
_lCCODECWL1
_mBUL
_p50.00
_r0
_sY
_tBOOK
_u2017-1-30
_xWHITE
_zUNKNOWN
_0COMPRA
_o.STAFF. Centro White
999 _a286.7325 W55 V6
_wDEWEY
_c4
_iCW58437
_f2021-12-23
_g3
_lCCODECWL1
_mBUL
_r0
_sY
_tBOOK
_u2017-2-1
_xWHITE
_zUNKNOWN
_0COMPRA
_o.STAFF. Centro White
999 _a286.7325 W55 V6
_wDEWEY
_c1
_iCW00096
_f2021-12-23
_g2
_lCCODECWL1
_mBWL
_r0
_sY
_tBOOK
_u2017-1-30
_xWHITE
_zUNKNOWN
_0COMPRA
_o.STAFF. Centro White
999 _a286.7325 W55 V6
_wDEWEY
_c2
_iCW00095
_f2021-12-23
_g2
_lCCODECWL1
_mBWL
_r0
_sY
_tBOOK
_u2017-1-30
_xWHITE
_zUNKNOWN
_0COMPRA
_o.STAFF. Centro White
999 _aW286.73 W54 T1 1985
_wDEWEY
_c1
_iFJ09324
_d2019-11-13
_e2018-6-3
_f2022-2-4
_g4
_lCCODEBUJ1
_mBUJ
_n1
_p40.00
_q2
_r0
_sY
_tBOOK
_u2017-11-30
_xBIBLIOTECA
_zUNKNOWN
_0COMPRA
_o.STAFF. Colección General Juliaca
999 _aW286.73 W54 T1 1985
_wDEWEY
_c2
_iFJ09668
_d2019-11-14
_f2022-2-3
_g4
_lCCODEBUJ1
_mBUJ
_p40.00
_q1
_r0
_sY
_tBOOK
_u2017-12-18
_xBIBLIOTECA
_zUNKNOWN
_0COMPRA
_o.STAFF. Colección General Juliaca
999 _a286.7325 W55 1
_wDEWEY
_c1
_i32611
_f2021-11-11
_g4
_lCCODEBUL1
_mBUL
_r0
_sY
_tBOOK
_u2018-2-21
_xTEOLOGIA
_PP35
_0COMPRA
_o.STAFF. Colección Teología
980 _81
_gALBERTO SANCHEZ Responsable de Automatización